000 01031cam a22002775a 4500
001 17856645
003 EG-ScBUE
005 20221211102155.0
008 130819t2014 enka f b 001 0 eng d
020 _a9780500342954
040 _aDLC
_beng
_erda
_cDLC
_dEG-ScBUE
_dEG-ScBUE
082 0 4 _a724.6
_bRAD
_222
100 1 _aRadford, Antony,
_eauthor.
_937514
245 1 4 _aThe elements of modern architecture :
_bunderstanding contemporary buildings /
_cAntony Radford, Selen MorkoƧ and Amit Srivastava.
264 1 _aLondon :
_bThames & Hudson Ltd.,
_c[2014]
264 4 _cc2014
300 _a344 pages :
_billustrations ;
_c23 cm
504 _aIncludes bibliographical references and index.
650 7 _aArchitecture, Modern
_y20th century.
_2BUEsh
_95929
651 _2BUEsh
653 _bENGARC
_cMarch2015
_cApril2015
_cJanuary2017
655 _vReading book
_934232
700 1 _aMorkoƧ, Selen B.,
_q(Selen Bahriye)
_eauthor.
_937519
700 1 _aSrivastava, Amit
_c(Architect)
_eauthor.
_937520
942 _2ddc
_k724.6 RAD
_cBB
999 _c19130
_d19102